| 000 | 00484nab a2200145Ia 4500 | ||
|---|---|---|---|
| 003 | ES-SlBCS | ||
| 005 | 20210601133736.0 | ||
| 008 | 140529s2002 xxu||||| |||| 00| 0 por d | ||
| 041 | _apor | ||
| 100 | 1 |
_aVieira Pizzi, Laura Cristina _9209062 |
|
| 245 | 0 | 2 |
_aA politecnia no Brasil: história e trajetória política _c Laura Cristina Vieira Pizzi |
| 651 | 4 |
_aBrasil-Política _9209063 |
|
| 773 | 0 |
_tEducaçao e Filosofia _gvol. 16, nº. 32, 2002, págs. 117-148 _wRev1534 |
|
| 942 | _cAR | ||
| 999 |
_c601400 _d601400 |
||